Воздушный справочник. Т.2: Воздушная оборона | Противосамолетная артиллерия | Маскировка | Аэрофотосъемка (Запись № 13478925)

Подробности
000 -МАРКЕР
контрольное поле 01401nam2a22002771 4500
001 - ИДЕНТИФИКАТОР ЗАПИСИ
контрольное поле RU\NLR\A1SV\25321
005 - ИДЕНТИФИКАТОР ВЕРСИИ
контрольное поле 20251203152403.2
035 ## - ДРУГИЕ СИСТЕМНЫЕ НОМЕРА
Идентификатор записи (NLR Aleph) 009709662
100 ## - ДАННЫЕ ОБЩЕЙ ОБРАБОТКИ
Данные общей обработки 19800421d1926 u y0rusy50 ca
101 0# - ЯЗЫК РЕСУРСА
Язык текста, звукозаписи и т.д. русский
200 1# - ЗАГЛАВИЕ И СВЕДЕНИЯ ОБ ОТВЕТСТВЕННОСТИ
Основное заглавие Воздушная оборона
Первые сведения об ответственности Н.Бородачев
Основное заглавие Противосамолетная артиллерия
Первые сведения об ответственности Е.Агокас
Основное заглавие Маскировка
Первые сведения об ответственности Н.Яцук
Основное заглавие Аэрофотосъемка
Первые сведения об ответственности И.Федоров
210 ## - ПУБЛИКАЦИЯ, РАСПРОСТРАНЕНИЕ И ДР.
Дата издания, распространения и т.д. 1926
215 ## - ФИЗИЧЕСКАЯ ХАРАКТЕРИСТИКА
Специфическое обозначение материала и объем 428, [1] с.
Другие сведения о физической характеристике ил.
320 ## - ПРИМЕЧАНИЯ О НАЛИЧИИ В ДОКУМЕНТЕ БИБЛИОГРАФИИ / УКАЗАТЕЛЯ
Текст примечания Библиогр. / И.Федоров (С.411-416)
461 #1 - УРОВЕНЬ НАБОРА
Встроенное поле 001RU\NLR\A1SV\25319
-- 2000#$aВоздушный справочник$eСб. ст. по вопросам авиации и воздухоплавания$vТ.2
Системный номер (АБИС) связанной записи 9827070
Место публикации М.
Дата публикации 1925-1927
Имя издателя, распространителя и т.д. Авиоизд-во
Сведения, относящиеся к заглавию Сб. ст. по вопросам авиации и воздухоплавания
Заглавие Воздушный справочник
Номер тома Т.2
701 #1 - ИМЯ ЛИЦА - АЛЬТЕРНАТИВНАЯ ОТВЕТСТВЕННОСТЬ
Начальный элемент ввода Бородачев
Часть имени, кроме начального элемента ввода Н.А.
Расширение инициалов личного имени Николай Александрович
Код отношения Автор
701 #1 - ИМЯ ЛИЦА - АЛЬТЕРНАТИВНАЯ ОТВЕТСТВЕННОСТЬ
Начальный элемент ввода Агокас
Часть имени, кроме начального элемента ввода Е.В.
Даты 1881-1960
Расширение инициалов личного имени Евгений Викторович
Код отношения Автор
701 #1 - ИМЯ ЛИЦА - АЛЬТЕРНАТИВНАЯ ОТВЕТСТВЕННОСТЬ
Начальный элемент ввода Яцук
Часть имени, кроме начального элемента ввода Н.А.
Даты 1884-1930
Расширение инициалов личного имени Николай Александрович
Код отношения Автор
701 #1 - ИМЯ ЛИЦА - АЛЬТЕРНАТИВНАЯ ОТВЕТСТВЕННОСТЬ
Начальный элемент ввода Федоров
Часть имени, кроме начального элемента ввода И.
Код отношения Автор
801 #0 - ИСТОЧНИК ЗАПИСИ
Страна Российская Федерация
Организация NLR
Дата составления 19800421
852 ## - МЕСТОНАХОЖДЕНИЕ И ШИФР ХРАНЕНИЯ
Идентификатор организации NLR
Шифр хранения (Call Number) 19/275-2
942 ## - ДОПОЛНИТЕЛЬНЫЕ ЭЛЕМЕНТЫ ЗАПИСИ (АБИС)
Тип экземпляра АБИС Книга
980 ## - КОЛЛЕКЦИЯ
Название коллекции Международный сводный каталог русской книги (1918-1926)
980 ## - КОЛЛЕКЦИЯ
Название коллекции Национальная библиография

Нет доступных экземпляров.